| 000 | 00498cam a2200205ua 4500 | ||
|---|---|---|---|
| 020 | _c32.60 | ||
| 041 |
_aeng _h |
||
| 082 |
_a551.46 _bENG/LI |
||
| 100 | _aEngel, Leonard . | ||
| 245 |
_aLife nature library : The sea / _cLeonard Engel. _hTextual Documents |
||
| 250 |
_a1 / _b. |
||
| 260 |
_a : _bTime life international , _c1963. |
||
| 300 | _a190 ; . | ||
| 365 | _a32.60 | ||
| 500 | _a**Reference | ||
| 504 | _a | ||
| 942 | _cBK | ||
| 999 |
_c10306 _d10306 |
||